000 00797nam a2200241 a 4500
001 000019225
005 20200929165944.0
008 100528s1993 sp 000 p spa d
020 _a843750340x
040 _aDO-SdBNP
_bspa
_cBNPHU
082 _aCu861.44
_bL923p
100 1 _aLoynaz, Dulce María,
_d1903-1997
_99680
245 1 0 _aPoemas escogidos /
_cDulce María Loynaz ; selección, Pedro Simón.
260 _aMadrid :
_bFondo de Cultura Económica ;
_bUniversidad de Alcalá de Henares,
_c1993.
300 _a203 p. ;
_c22 cm.
490 1 _aBiblioteca Premios Cervantes
650 4 _aPoesía cubana
_95226
650 4 _aLiteratura cubana
_91483
700 1 _aSimón, Pedro,
_99866
830 0 _aBiblioteca Premios Cervantes
_941358
910 _aCatalogación original
049 _aBNGR
999 _c18743
_d18743